[Event "South Island Championships 2023"]
[Site "Oamaru, New Zealand"]
[Date "2023.09.30"]
[Round "8.9"]
[White "Malcolm, Leo"]
[Black "Barry, Jacob"]
[Result "1-0"]
[TimeControl "90 + 30"]
[WhiteFideId "4317408"]
[BlackFideId "4304462"]
[WhiteElo "1876"]
[BlackElo "1565"]

1. e4 {[%clk 01:30:57]} {[%emt 00:00:02]} e5 {[%clk 01:30:57]} {[%emt
00:00:04]} 2. Nc3 {[%clk 01:31:03]} {[%emt 00:00:24]} Nf6 {[%clk 01:31:15]}
{[%emt 00:00:13]} 3. Nf3 {[%clk 01:31:28]} {[%emt 00:00:04]} Nc6 {[%clk
01:31:40]} {[%emt 00:00:06]} 4. Nxe5 {[%clk 01:31:52]} {[%emt 00:00:06]} Nxe5
{[%clk 01:31:50]} {[%emt 00:00:20]} 5. d4 {[%clk 01:32:17]} {[%emt 00:00:05]}
Nc6 {[%clk 01:31:33]} {[%emt 00:00:47]} 6. d5 {[%clk 01:32:41]} {[%emt
00:00:05]} Ne5 {[%clk 01:31:11]} {[%emt 00:00:52]} 7. f4 {[%clk 01:32:56]}
{[%emt 00:00:16]} Ng6 {[%clk 01:31:13]} {[%emt 00:00:27]} 8. e5 {[%clk
01:33:15]} {[%emt 00:00:10]} Bb4 {[%clk 01:30:22]} {[%emt 00:01:22]} 9. exf6
{[%clk 01:29:56]} {[%emt 00:03:49]} Qxf6 {[%clk 01:30:45]} {[%emt 00:00:06]} 10.
Qf3 {[%clk 01:30:21]} {[%emt 00:00:05]} Bxc3+ {[%clk 01:29:51]} {[%emt
00:01:24]} 11. bxc3 {[%clk 01:30:45]} {[%emt 00:00:06]} O-O {[%clk 01:30:04]}
{[%emt 00:00:16]} 12. Be2 {[%clk 01:29:00]} {[%emt 00:02:16]} Re8 {[%clk
01:29:13]} {[%emt 00:01:21]} 13. O-O {[%clk 01:28:41]} {[%emt 00:00:49]} Nh4
{[%emt 00:09:52]} 14. Qf2 {[%clk 01:01:37]} {[%emt 00:21:00]} Qxc3 {[%clk
01:24:29]} {[%emt 00:02:26]} 15. Qxh4 {[%clk 01:01:18]} {[%emt 00:00:48]} Qxa1
{[%clk 01:24:52]} {[%emt 00:00:07]} 16. Bd3 {[%clk 01:01:44]} {[%emt 00:00:05]}
Qd4+ {[%clk 01:23:33]} {[%emt 00:01:48]} 17. Kh1 {[%clk 01:01:57]} {[%emt
00:00:18]} g6 {[%clk 01:23:17]} {[%emt 00:00:45]} 18. Qg3 {[%clk 00:50:01]}
{[%emt 00:12:28]} Qxd5 {[%clk 01:18:10]} {[%emt 00:05:35]} 19. f5 {[%clk
00:42:25]} {[%emt 00:08:07]} Qe5 {[%clk 01:18:13]} {[%emt 00:00:27]} 20. Bf4
{[%clk 00:42:35]} {[%emt 00:00:20]} Qg7 {[%clk 01:18:10]} {[%emt 00:00:32]} 21.
Qh4 {[%clk 00:35:38]} {[%emt 00:07:28]} gxf5 {[%clk 01:16:21]} {[%emt
00:02:20]} 22. Bh6 {[%clk 00:26:33]} {[%emt 00:09:32]} Qg4 {[%clk 01:15:35]}
{[%emt 00:01:17]} 23. Re1 {[%clk 00:26:20]} {[%emt 00:00:44]} Rf8 {[%clk
01:14:27]} {[%emt 00:01:38]} 24. Qe7 {[%clk 00:26:37]} {[%emt 00:00:55]} 1-0

[Event "South Island Championships 2023"]
[Site "Oamaru, New Zealand"]
[Date "2023.09.30"]
[Round "8.2"]
[White "Lee, Edward S"]
[Black "Ong, Rommel"]
[Result "1-0"]
[TimeControl "90 + 30"]
[WhiteFideId "4303229"]
[BlackFideId "5259630"]
[WhiteElo "2088"]
[BlackElo "1852"]

1. e4 {[%clk 01:30:58]} {[%emt 00:00:01]} c5 {[%clk 01:30:52]} {[%emt
00:00:09]} 2. Nc3 {[%clk 01:31:22]} {[%emt 00:00:06]} Nc6 {[%clk 01:31:09]}
{[%emt 00:00:13]} 3. f4 {[%clk 01:31:38]} {[%emt 00:00:13]} e6 {[%clk
01:30:00]} {[%emt 00:01:40]} 4. Bb5 {[%clk 01:31:41]} {[%emt 00:00:27]} Nge7
{[%clk 01:28:31]} {[%emt 00:01:58]} 5. Bxc6 {[%clk 01:29:33]} {[%emt 00:02:39]}
Nxc6 {[%clk 01:28:54]} {[%emt 00:00:07]} 6. Nf3 {[%clk 01:29:55]} {[%emt
00:00:07]} d5 {[%clk 01:29:07]} {[%emt 00:00:18]} 7. e5 {[%clk 01:29:54]}
{[%emt 00:00:30]} Be7 {[%clk 01:27:00]} {[%emt 00:02:37]} 8. O-O {[%clk
01:29:28]} {[%emt 00:00:56]} O-O {[%clk 01:25:48]} {[%emt 00:01:42]} 9. d3
{[%clk 01:28:06]} {[%emt 00:01:53]} a6 {[%clk 01:25:39]} {[%emt 00:00:39]} 10.
a3 {[%clk 01:27:50]} {[%emt 00:00:45]} b5 {[%clk 01:25:53]} {[%emt 00:00:16]}
11. Qe1 {[%clk 01:27:46]} {[%emt 00:00:35]} Kh8 {[%clk 01:19:09]} {[%emt
00:07:13]} 12. d4 {[%clk 01:12:08]} {[%emt 00:16:08]} cxd4 {[%clk 01:18:32]}
{[%emt 00:01:09]} 13. Ne2 {[%clk 01:12:28]} {[%emt 00:00:09]} Bd7 {[%clk
01:14:39]} {[%emt 00:04:23]} 14. Nexd4 {[%clk 01:11:45]} {[%emt 00:01:12]} Rc8
{[%clk 01:10:36]} {[%emt 00:04:33]} 15. c3 {[%clk 01:10:59]} {[%emt 00:01:16]}
Nxd4 {[%clk 01:08:38]} {[%emt 00:02:29]} 16. Nxd4 {[%clk 01:11:09]} {[%emt
00:00:20]} Bc5 {[%clk 01:07:11]} {[%emt 00:01:57]} 17. Be3 {[%clk 01:11:05]}
{[%emt 00:00:34]} Bxd4 {[%clk 01:07:21]} {[%emt 00:00:20]} 18. Bxd4 {[%clk
01:11:21]} {[%emt 00:00:13]} Rc4 {[%clk 00:58:41]} {[%emt 00:09:11]} 19. Qg3
{[%clk 01:10:48]} {[%emt 00:01:02]} g6 {[%clk 00:56:24]} {[%emt 00:02:47]} 20.
Rad1 {[%clk 01:07:00]} {[%emt 00:04:18]} Rg8 {[%clk 00:56:36]} {[%emt
00:00:18]} 21. Rd3 {[%clk 01:01:50]} {[%emt 00:05:40]} Rg7 {[%clk 00:56:45]}
{[%emt 00:00:22]} 22. Rff3 {[%clk 00:45:01]} {[%emt 00:17:19]} Kg8 {[%clk
00:56:23]} {[%emt 00:00:51]} 23. Qe1 {[%clk 00:45:01]} {[%emt 00:00:30]} h6
{[%clk 00:40:22]} {[%emt 00:16:31]} 24. Rh3 {[%clk 00:42:21]} {[%emt 00:03:10]}
Rh7 {[%clk 00:40:50]} {[%emt 00:00:03]} 25. Rdg3 {[%clk 00:42:03]} {[%emt
00:00:47]} Kf8 {[%clk 00:40:15]} {[%emt 00:01:06]} 26. Qe3 {[%clk 00:41:09]}
{[%emt 00:01:22]} h5 {[%clk 00:34:26]} {[%emt 00:06:20]} 27. Rg5 {[%clk
00:41:03]} {[%emt 00:00:35]} Qe7 {[%clk 00:33:08]} {[%emt 00:01:48]} 28. g4
{[%clk 00:40:17]} {[%emt 00:01:16]} h4 {[%clk 00:33:01]} {[%emt 00:00:38]} 29.
Qf2 {[%clk 00:40:18]} {[%emt 00:00:29]} Ke8 {[%clk 00:31:48]} {[%emt 00:01:43]}
30. Rxh4 {[%clk 00:40:31]} {[%emt 00:00:16]} Rxh4 {[%clk 00:32:14]} {[%emt
00:00:05]} 31. Qxh4 {[%clk 00:40:53]} {[%emt 00:00:08]} Kd8 {[%clk 00:32:22]}
{[%emt 00:00:22]} 32. Qh7 {[%clk 00:38:52]} {[%emt 00:02:30]} Be8 {[%clk
00:30:11]} {[%emt 00:02:41]} 33. Qh4 {[%clk 00:38:19]} {[%emt 00:01:02]} Kc8
{[%clk 00:26:23]} {[%emt 00:04:20]} 34. Rh5 {[%clk 00:37:45]} {[%emt 00:01:03]}
Qxh4 {[%clk 00:22:11]} {[%emt 00:04:42]} 35. Rxh4 {[%clk 00:37:45]} {[%emt
00:00:30]} a5 {[%clk 00:22:15]} {[%emt 00:00:27]} 36. Rh3 {[%clk 00:36:57]}
{[%emt 00:01:17]} b4 {[%clk 00:15:22]} {[%emt 00:07:23]} 37. axb4 {[%clk
00:36:44]} {[%emt 00:00:42]} axb4 {[%clk 00:15:33]} {[%emt 00:00:19]} 38. b3
{[%clk 00:33:08]} {[%emt 00:04:06]} Rc6 {[%clk 00:13:46]} {[%emt 00:02:17]} 39.
cxb4 {[%clk 00:32:55]} {[%emt 00:00:43]} Rc1+ {[%clk 00:14:08]} {[%emt
00:00:07]} 40. Kf2 {[%clk 00:32:23]} {[%emt 00:01:03]} Rb1 {[%clk 00:12:31]}
{[%emt 00:02:07]} 41. Rh8 {[%clk 00:22:17]} {[%emt 00:10:35]} Kd7 {[%clk
00:11:16]} {[%emt 00:01:46]} 42. b5 {[%clk 00:21:37]} {[%emt 00:01:10]} Rxb3
{[%clk 00:11:40]} {[%emt 00:00:06]} 43. b6 {[%clk 00:21:54]} {[%emt 00:00:13]}
Rb5 {[%clk 00:10:29]} {[%emt 00:01:41]} 44. h4 {[%clk 00:21:58]} {[%emt
00:00:26]} Ke7 {[%clk 00:10:48]} {[%emt 00:00:12]} 45. h5 {[%clk 00:22:11]}
{[%emt 00:00:16]} gxh5 {[%clk 00:11:07]} {[%emt 00:00:11]} 46. gxh5 {[%clk
00:22:36]} {[%emt 00:00:05]} Bc6 {[%clk 00:11:19]} {[%emt 00:00:19]} 47. Rc8
{[%clk 00:22:11]} {[%emt 00:00:54]} Be8 {[%clk 00:09:41]} {[%emt 00:02:09]} 48.
Bc5+ {[%clk 00:22:22]} {[%emt 00:00:19]} Kd7 {[%clk 00:09:44]} {[%emt
00:00:27]} 49. Rc7+ {[%clk 00:22:45]} {[%emt 00:00:06]} Kd8 {[%clk 00:10:07]}
{[%emt 00:00:08]} 50. Be7# {[%clk 00:22:05]} {[%emt 00:00:05]} 1-0

[Event "South Island Championships 2023"]
[Site "Oamaru, New Zealand"]
[Date "2023.09.30"]
[Round "8.1"]
[White "Zhang, Kendrick Botong"]
[Black "McNabb, Matthew D"]
[Result "1/2-1/2"]
[TimeControl "90 + 30"]
[WhiteFideId "4307704"]
[BlackFideId "4300823"]
[WhiteElo "2067"]
[BlackElo "2236"]

1. e4 {[%clk 01:30:57]} {[%emt 00:00:02]} e5 {[%clk 01:30:57]} {[%emt
00:00:04]} 2. Nf3 {[%clk 01:31:22]} {[%emt 00:00:05]} Nf6 {[%clk 01:31:24]}
{[%emt 00:00:03]} 3. Nxe5 {[%clk 01:31:42]} {[%emt 00:00:09]} d6 {[%clk
01:31:52]} {[%emt 00:00:03]} 4. Nf3 {[%clk 01:30:25]} {[%emt 00:01:47]} Nxe4
{[%clk 01:32:16]} {[%emt 00:00:05]} 5. d4 {[%clk 01:28:01]} {[%emt 00:02:54]}
d5 {[%clk 01:32:30]} {[%emt 00:00:16]} 6. Bd3 {[%clk 01:25:56]} {[%emt
00:02:35]} Nc6 {[%clk 01:28:51]} {[%emt 00:04:10]} 7. c3 {[%clk 01:20:20]}
{[%emt 00:06:04]} Bd6 {[%clk 01:28:21]} {[%emt 00:01:01]} 8. O-O {[%clk
01:19:03]} {[%emt 00:01:47]} O-O {[%clk 01:27:53]} {[%emt 00:01:00]} 9. c4
{[%clk 00:51:36]} {[%emt 00:27:57]} Nb4 {[%clk 01:26:42]} {[%emt 00:01:40]} 10.
c5 {[%clk 00:46:42]} {[%emt 00:05:24]} Nxd3 {[%clk 01:22:33]} {[%emt 00:04:39]}
11. Qxd3 {[%clk 00:45:59]} {[%emt 00:01:12]} Be7 {[%clk 01:22:33]} {[%emt
00:00:30]} 12. Nc3 {[%clk 00:39:05]} {[%emt 00:07:25]} Bf5 {[%clk 01:20:54]}
{[%emt 00:02:09]} 13. Qb5 {[%clk 00:38:29]} {[%emt 00:01:06]} Rb8 {[%clk
01:15:46]} {[%emt 00:05:38]} 14. Be3 {[%clk 00:31:29]} {[%emt 00:07:30]} c6
{[%clk 00:59:46]} {[%emt 00:16:30]} 15. Qa4 {[%clk 00:29:32]} {[%emt 00:02:26]}
Ra8 {[%clk 00:59:19]} {[%emt 00:00:58]} 16. Ne2 {[%clk 00:27:02]} {[%emt
00:03:00]} Bg4 {[%clk 00:50:34]} {[%emt 00:09:15]} 17. Qb3 {[%clk 00:21:07]}
{[%emt 00:06:24]} Qc8 {[%clk 00:50:31]} {[%emt 00:00:32]} 18. Bf4 {[%clk
00:20:39]} {[%emt 00:00:58]} g5 {[%clk 00:48:28]} {[%emt 00:02:34]} 19. Bc1
{[%clk 00:16:53]} {[%emt 00:04:15]} Kh8 {[%clk 00:45:54]} {[%emt 00:03:05]} 20.
Ng3 {[%clk 00:15:14]} {[%emt 00:02:09]} Nxg3 {[%clk 00:44:54]} {[%emt
00:01:30]} 21. fxg3 {[%clk 00:13:22]} {[%emt 00:02:22]} f6 {[%clk 00:44:56]}
{[%emt 00:00:29]} 22. Bd2 {[%clk 00:10:27]} {[%emt 00:03:24]} Qd7 {[%clk
00:44:58]} {[%emt 00:00:29]} 23. Rae1 {[%clk 00:09:59]} {[%emt 00:00:57]} Rae8
{[%clk 00:45:18]} {[%emt 00:00:10]} 24. Re3 {[%clk 00:04:11]} {[%emt 00:06:17]}
Bd8 {[%clk 00:41:12]} {[%emt 00:04:37]} 25. Rfe1 {[%clk 00:03:57]} {[%emt
00:00:44]} Bh5 {[%clk 00:33:15]} {[%emt 00:08:27]} 26. Qa3 {[%clk 00:03:45]}
{[%emt 00:00:43]} a6 {[%clk 00:30:23]} {[%emt 00:03:21]} 27. Ba5 {[%clk
00:03:01]} {[%emt 00:01:13]} Bg6 {[%clk 00:14:48]} {[%emt 00:16:05]} 28. Bxd8
{[%clk 00:02:55]} {[%emt 00:00:36]} Qxd8 {[%clk 00:15:06]} {[%emt 00:00:12]} 29.
b4 {[%clk 00:03:00]} {[%emt 00:00:26]} Re4 {[%clk 00:15:19]} {[%emt 00:00:17]}
30. Qc3 {[%clk 00:02:43]} {[%emt 00:00:47]} Rfe8 {[%clk 00:14:56]} {[%emt
00:00:54]} 31. Nd2 {[%clk 00:02:57]} {[%emt 00:00:15]} R4e7 {[%clk 00:14:13]}
{[%emt 00:01:13]} 32. Nb3 {[%clk 00:01:12]} {[%emt 00:02:15]} Be4 {[%clk
00:14:13]} {[%emt 00:00:30]} 33. a4 {[%clk 00:01:14]} {[%emt 00:00:28]} Kg7
{[%clk 00:13:56]} {[%emt 00:00:47]} 34. Nd2 {[%clk 00:01:05]} {[%emt 00:00:39]}
Bg6 {[%clk 00:14:01]} {[%emt 00:00:25]} 35. Kf2 {[%clk 00:00:51]} {[%emt
00:00:43]} Be4 {[%clk 00:13:12]} {[%emt 00:01:20]} 36. Nb3 {[%clk 00:00:32]}
{[%emt 00:00:48]} Qd7 {[%clk 00:13:25]} {[%emt 00:00:18]} 37. Nd2 {[%clk
00:00:41]} {[%emt 00:00:20]} h5 {[%clk 00:13:39]} {[%emt 00:00:16]} 38. Nf3
{[%clk 00:00:32]} {[%emt 00:00:39]} Qf5 {[%clk 00:13:39]} {[%emt 00:00:30]} 39.
Kg1 {[%clk 00:00:51]} {[%emt 00:00:12]} Qg4 {[%clk 00:11:01]} {[%emt 00:03:09]}
40. Nd2 {[%clk 00:00:45]} {[%emt 00:00:35]} Qd7 {[%clk 00:11:23]} {[%emt
00:00:08]} 41. Nf3 {[%clk 00:00:50]} {[%emt 00:00:24]} Qg4 {[%clk 00:09:51]}
{[%emt 00:02:02]} 42. Nd2 {[%clk 00:00:36]} {[%emt 00:00:45]} Qd7 {[%clk
00:08:38]} {[%emt 00:01:43]} 43. Nf3 {[%clk 00:00:54]} {[%emt 00:00:12]} Qg4
{[%emt 00:05:59]} 1/2-1/2

[Event "South Island Championships 2023"]
[Site "Oamaru, New Zealand"]
[Date "2023.09.30"]
[Round "8.6"]
[White "Ha, Timothy Huy Minh"]
[Black "Wang, Justin Zhide"]
[Result "1-0"]
[TimeControl "90 + 30"]
[WhiteFideId "12417246"]
[BlackFideId "4312830"]
[WhiteElo "1843"]
[BlackElo "1849"]

1. Nf3 {[%clk 01:30:57]} {[%emt 00:00:03]} Nf6 {[%clk 01:30:58]} {[%emt
00:00:04]} 2. c4 {[%clk 01:31:20]} {[%emt 00:00:06]} e6 {[%clk 01:31:25]}
{[%emt 00:00:03]} 3. g3 {[%clk 01:31:46]} {[%emt 00:00:03]} b6 {[%clk
01:31:53]} {[%emt 00:00:03]} 4. Bg2 {[%clk 01:32:11]} {[%emt 00:00:05]} Bb7
{[%clk 01:32:20]} {[%emt 00:00:03]} 5. O-O {[%clk 01:32:36]} {[%emt 00:00:05]}
Be7 {[%clk 01:32:19]} {[%emt 00:00:32]} 6. Nc3 {[%clk 01:32:18]} {[%emt
00:00:46]} O-O {[%clk 01:32:44]} {[%emt 00:00:06]} 7. d4 {[%clk 01:32:34]}
{[%emt 00:00:14]} d6 {[%clk 01:32:53]} {[%emt 00:00:22]} 8. Qc2 {[%clk
01:32:20]} {[%emt 00:00:42]} c5 {[%clk 01:29:37]} {[%emt 00:03:48]} 9. e4
{[%clk 01:30:43]} {[%emt 00:02:07]} cxd4 {[%clk 01:27:50]} {[%emt 00:02:18]} 10.
Nxd4 {[%clk 01:31:07]} {[%emt 00:00:05]} Nbd7 {[%clk 01:27:11]} {[%emt
00:01:09]} 11. b3 {[%clk 01:31:20]} {[%emt 00:00:17]} Rc8 {[%clk 01:24:35]}
{[%emt 00:03:06]} 12. Qe2 {[%clk 01:31:25]} {[%emt 00:00:22]} a6 {[%clk
01:20:02]} {[%emt 00:05:05]} 13. Bb2 {[%clk 01:31:50]} {[%emt 00:00:06]} Qc7
{[%clk 01:10:08]} {[%emt 00:10:25]} 14. Rac1 {[%clk 01:28:15]} {[%emt
00:04:02]} Nb8 {[%clk 01:09:25]} {[%emt 00:01:16]} 15. Bh3 {[%clk 01:26:59]}
{[%emt 00:01:44]} Qd7 {[%clk 00:58:17]} {[%emt 00:11:39]} 16. Rcd1 {[%clk
01:26:52]} {[%emt 00:00:37]} Nc6 {[%clk 00:54:02]} {[%emt 00:04:46]} 17. Nf3
{[%clk 01:25:04]} {[%emt 00:02:17]} Qc7 {[%clk 00:52:59]} {[%emt 00:01:33]} 18.
Rfe1 {[%clk 01:23:37]} {[%emt 00:01:57]} Rcd8 {[%clk 00:52:04]} {[%emt
00:01:25]} 19. Nd5 {[%clk 01:21:51]} {[%emt 00:02:16]} exd5 {[%clk 00:47:34]}
{[%emt 00:05:00]} 20. exd5 {[%clk 01:22:13]} {[%emt 00:00:08]} Ne5 {[%clk
00:47:57]} {[%emt 00:00:07]} 21. Nxe5 {[%clk 01:22:27]} {[%emt 00:00:16]} dxe5
{[%clk 00:47:22]} {[%emt 00:01:05]} 22. Bxe5 {[%clk 01:22:51]} {[%emt
00:00:05]} Bd6 {[%clk 00:47:27]} {[%emt 00:00:26]} 23. Bxf6 {[%clk 01:23:15]}
{[%emt 00:00:06]} gxf6 {[%clk 00:47:52]} {[%emt 00:00:05]} 24. Qh5 {[%clk
01:23:15]} {[%emt 00:00:30]} f5 {[%clk 00:42:01]} {[%emt 00:06:21]} 25. Qg5+
{[%clk 01:23:33]} {[%emt 00:00:12]} Kh8 {[%clk 00:42:19]} {[%emt 00:00:13]} 26.
Qf6+ {[%clk 01:23:54]} {[%emt 00:00:08]} Kg8 {[%clk 00:42:40]} {[%emt
00:00:09]} 27. Bxf5 {[%clk 01:24:07]} {[%emt 00:00:16]} Rfe8 {[%clk 00:39:54]}
{[%emt 00:03:17]} 28. Qg5+ {[%clk 01:23:53]} {[%emt 00:00:43]} Kh8 {[%clk
00:40:12]} {[%emt 00:00:12]} 29. Qh6 {[%clk 01:23:14]} {[%emt 00:01:09]} f6
{[%clk 00:40:20]} {[%emt 00:00:22]} 30. Qxf6+ {[%clk 01:23:36]} {[%emt
00:00:09]} Qg7 {[%clk 00:37:04]} {[%emt 00:03:46]} 31. Rxe8+ {[%clk 01:23:59]}
{[%emt 00:00:06]} Rxe8 {[%clk 00:37:31]} {[%emt 00:00:05]} 32. Qxd6 {[%clk
01:24:22]} {[%emt 00:00:07]} Rf8 {[%clk 00:37:04]} {[%emt 00:00:56]} 33. Bh3
{[%clk 01:20:21]} {[%emt 00:04:31]} h5 {[%clk 00:30:05]} {[%emt 00:07:29]} 34.
Re1 {[%clk 01:20:04]} {[%emt 00:00:46]} h4 {[%clk 00:26:38]} {[%emt 00:03:57]}
35. Qe5 {[%clk 01:20:24]} {[%emt 00:00:10]} hxg3 {[%clk 00:26:59]} {[%emt
00:00:10]} 36. Qxg7+ {[%clk 01:20:45]} {[%emt 00:00:09]} Kxg7 {[%clk 00:27:20]}
{[%emt 00:00:09]} 37. Re7+ {[%clk 01:20:53]} {[%emt 00:00:21]} Rf7 {[%clk
00:27:47]} {[%emt 00:00:04]} 38. Rxf7+ {[%clk 01:21:10]} {[%emt 00:00:13]} Kxf7
{[%clk 00:28:16]} {[%emt 00:00:02]} 39. Be6+ {[%clk 01:21:30]} {[%emt
00:00:09]} Kf6 {[%clk 00:28:37]} {[%emt 00:00:09]} 40. hxg3 {[%clk 01:21:52]}
{[%emt 00:00:08]} Ke5 {[%clk 00:28:56]} {[%emt 00:00:12]} 41. f3 {[%clk
01:22:10]} {[%emt 00:00:11]} Kd6 {[%clk 00:28:55]} {[%emt 00:00:31]} 42. f4
{[%clk 01:22:28]} {[%emt 00:00:12]} b5 {[%clk 00:29:16]} {[%emt 00:00:09]} 43.
g4 {[%clk 01:22:45]} {[%emt 00:00:13]} bxc4 {[%clk 00:28:57]} {[%emt 00:00:49]}
44. bxc4 {[%clk 01:23:10]} {[%emt 00:00:05]} a5 {[%clk 00:29:26]} 45. g5 {[%clk
01:23:31]} {[%emt 00:00:09]} a4 {[%clk 00:29:41]} {[%emt 00:00:15]} 46. g6
{[%clk 01:23:32]} {[%emt 00:00:28]} a3 {[%clk 00:30:07]} {[%emt 00:00:05]} 47.
g7 {[%clk 01:23:58]} {[%emt 00:00:04]} Bc6 {[%clk 00:29:39]} {[%emt 00:00:58]}
48. dxc6 {[%clk 01:24:18]} {[%emt 00:00:10]} Kc5 {[%clk 00:29:54]} {[%emt
00:00:16]} 49. g8=Q {[%clk 01:24:19]} {[%emt 00:00:25]} Kd4 {[%clk 00:29:46]}
{[%emt 00:00:41]} 50. Qg7+ {[%clk 01:24:41]} {[%emt 00:00:08]} Kc5 {[%clk
00:30:10]} {[%emt 00:00:06]} 51. Qe5+ {[%clk 01:24:52]} {[%emt 00:00:19]} Kb4
{[%clk 00:30:12]} {[%emt 00:00:27]} 52. c7 {[%clk 01:24:59]} {[%emt 00:00:23]}
Ka4 {[%clk 00:30:25]} {[%emt 00:00:17]} 53. Qb5# {[%clk 01:25:19]} {[%emt
00:00:10]} 1-0

[Event "74th South Island Chess Championship"]
[Site "Oamaru NZL"]
[Date "2023.09.30"]
[Round "8.12"]
[White "Rowe, Abigail"]
[Black "Familton, Gregory"]
[Result "1/2-1/2"]
[WhiteElo "1412"]
[BlackElo "1751"]

1. e4 c5 2. c3 Nf6 3. e5 Nd5 4. d4 cxd4 5. cxd4 e6 6. Nf3 d6 7. Bc4 Nc6 8. O-O
Qc7 9. Bxd5 exd5 10. Re1 dxe5 11. Nxe5 Be6 12. Nc3 Be7 13. Bf4 Qd8 14. Nxc6
bxc6 15. Ne2 O-O 16. Nc1 Qb6 17. Nb3 a5 18. Qc2 Rfc8 19. Nc5 Bxc5 20. dxc5 Qb4
21. Bd6 Qg4 22. a3 Qg6 23. Qxg6 hxg6 1/2-1/2

[Event "74th South Island Chess Championship"]
[Site "Oamaru NZL"]
[Date "2023.09.30"]
[Round "8.13"]
[White "Carpinter, Anthony L"]
[Black "Black, Ross"]
[Result "1/2-1/2"]
[WhiteElo "2217"]
[BlackElo "1724"]

1. d4 Nf6 2. c4 g6 3. Nc3 d5 4. Nf3 Bg7 5. Bg5 c6 6. e3 O-O 7. Be2 Re8 8. O-O
Nbd7 9. Qb3 Qb6 10. cxd5 Qxb3 11. axb3 Nxd5 12. Nxd5 cxd5 13. Bf4 Nf6 14. Rfc1
a6 15. Rc7 Ne4 16. Bb5 Rf8 17. Rxe7 Be6 18. Bd3 b5 19. Rc7 Rfc8 20. Rac1 Rxc7
21. Rxc7 Rc8 22. Rc2 h6 23. Kf1 Bf8 24. Ke2 Bb4 25. h3 g5 26. Be5 Rxc2+ 27.
Bxc2 g4 28. Ng1 h5 29. f3 Ng5 30. h4 gxf3+ 31. gxf3 Nh3 32. Nxh3 Bxh3 33. Bf6
Be6 34. e4 dxe4 35. fxe4 Bg4+ 36. Ke3 Kf8 37. d5 Ke8 38. e5 Bc5+ 39. Ke4 Kd7
40. Bg5 Bh3 41. Kf4 Bd4 42. Bf5+ Bxf5 43. Kxf5 Bxb2 44. Bd2 Bd4 45. e6+ fxe6+
46. dxe6+ Ke8 47. Kg6 Ke7 48. Kf5 Ke8 49. Bb4 Bb6 50. Kg6 a5 51. Bd6 a4 52.
bxa4 bxa4 53. Kxh5 Bd4 54. Kg6 Bb2 55. h5 1/2-1/2

[Event "74th South Island Chess Championship"]
[Site "Oamaru NZL"]
[Date "2023.09.30"]
[Round "8.14"]
[White "Dolejs, Dan"]
[Black "Van Der Krogt, Adrian"]
[Result "0-1"]
[WhiteElo "1800"]
[BlackElo "1707"]

1. e4 e6 2. d4 d5 3. Nc3 dxe4 4. Nxe4 Nf6 5. Nxf6+ Qxf6 6. Nf3 h6 7. Bc4 Bd6 8.
b3 Nc6 9. Bb2 Nb4 10. Qe2 Qg6 11. O-O Qxc2 12. Qxc2 Nxc2 13. Rac1 Na3 14. Bxa3
Bxa3 15. Rc2 O-O 16. Re1 a6 17. d5 Bb4 18. Rd1 exd5 19. Bxd5 c6 20. Rc4 a5 21.
Be4 Be6 22. Rc2 Rad8 23. Ra1 f5 24. Bxc6 bxc6 25. Rxc6 Bd5 26. Ra6 Bxf3 27.
gxf3 Rd6 28. Ra7 Rd2 29. a3 Bc5 30. Rxa5 Bxf2+ 31. Kf1 Bd4 32. Rc1 Rxh2 33. Rd1
Rh1+ 34. Ke2 Rxd1 35. Kxd1 h5 36. Rd5 Bb6 37. a4 h4 38. Ke2 h3 {scoresheets
were unable to followed past this point} 0-1

[Event "74th South Island Chess Championship"]
[Site "Oamaru NZL"]
[Date "2023.09.30"]
[Round "8.15"]
[White "Wilson, Dion A"]
[Black "Koentges, Thomas"]
[Result "1/2-1/2"]
[WhiteElo "1611"]
[BlackElo "1773"]

1. e4 c6 2. d4 d5 3. exd5 cxd5 4. Nf3 Bg4 5. h3 Bxf3 6. Qxf3 e6 7. Bd3 Nc6 8.
c3 Nge7 9. O-O Ng6 10. Re1 Be7 11. Nd2 O-O 12. Nf1 Bg5 13. Ng3 Bxc1 14. Raxc1
Qg5 15. Ne2 Nce7 16. c4 Rfc8 17. c5 Nc6 18. a3 a5 19. Rb1 Nh4 20. Qg3 Qxg3 21.
fxg3 Ng6 22. b4 axb4 23. axb4 Ra2 24. b5 Nd8 25. Ra1 Rca8 26. Rxa2 Rxa2 27. Rc1
Ne7 28. Nc3 Ra3 29. Kf2 f5 30. Bf1 Kf7 31. Ne2 Rb3 32. Nf4 Kf6 33. h4 h6 34. h5
Rb2+ 35. Be2 e5 36. dxe5+ Kf7 37. Ng6 Ne6 38. c6 bxc6 39. bxc6 Nxc6 40. Rxc6
Rxe2+ 1/2-1/2

[Event "74th South Island Chess Championship"]
[Site "Oamaru NZL"]
[Date "2023.09.30"]
[Round "8.16"]
[White "Clarkson, Robert D"]
[Black "Fairley, Natasha"]
[Result "0-1"]
[WhiteElo "1568"]
[BlackElo "1771"]

1. d4 d5 2. Nf3 Nf6 3. e3 Bg4 4. Nbd2 e6 5. c3 Nbd7 6. Qc2 Bd6 7. Be2 h6 8. Qd1
O-O 9. O-O c6 10. h3 Bh5 11. Nh2 Bg6 12. Ndf3 Ne4 13. Nd2 f5 14. f4 Ng3 15. Rf3
Qh4 16. Rf2 Nxe2+ 17. Qxe2 Qe7 18. g3 Nf6 19. Rg2 c5 20. g4 fxg4 21. Nxg4 Kh7
22. dxc5 Bxc5 23. Ne5 Bf5 24. Qf3 Ne4 25. Nb3 Bd6 26. Qh5 Bxe5 27. fxe5 g6 28.
Qf3 Ng5 29. Qg3 Bxh3 30. Nd4 Bxg2 31. Kxg2 Ne4 32. Qh3 Qg5+ 0-1

[Event "74th South Island Chess Championship"]
[Site "Oamaru NZL"]
[Date "2023.09.30"]
[Round "8.17"]
[White "Bell, Daniel"]
[Black "Anikonov, Artem"]
[Result "0-1"]
[WhiteElo "1565"]
[BlackElo "1721"]

1. d4 d5 2. Bf4 Nf6 3. e3 Bf5 4. Nf3 e6 5. Bd3 Bg6 6. Ne5 Bd6 7. Bg5 Nbd7 8. f4
Be7 9. Bxf6 Bxf6 10. O-O Bxe5 11. fxe5 O-O 12. c4 dxc4 13. Bxc4 Nb6 14. Bb3 Nd5
15. Qf3 c6 16. Nc3 Qb6 17. Na4 Qb4 18. Rad1 b6 19. e4 Nc7 20. a3 Qe7 21. Qe3
Rad8 22. Nc3 Rfe8 23. d5 cxd5 24. exd5 Nxd5 25. Nxd5 exd5 26. Bxd5 Kh8 27. Rfe1
h6 28. Kh1 Rd7 29. Qb3 Red8 30. h3 Qc5 31. Bf3 Rxd1 32. Bxd1 Qc1 33. Rg1 Re8
34. Qb5 Qc8 35. Bg4 Qb8 36. Re1 f5 37. Bf3 Re6 38. Bc6 Be8 39. Bxe8 Qxe8 40.
Qxe8+ Rxe8 41. Kg1 Kg8 42. Kf2 Kf7 43. h4 Ke6 44. Ke3 g5 45. hxg5 hxg5 46. g4
f4+ 47. Ke4 Rc8 48. Kd4 Rc5 49. b4 Rd5+ 50. Kc3 Rxe5 51. Rxe5+ Kxe5 52. Kd3 f3
53. Ke3 f2 54. Kxf2 Kf4 55. a4 Kxg4 56. Kg2 Kf4 57. b5 g4 58. Kf2 Ke4 0-1